| 000 | 00742nam a22002057a 4500 | ||
|---|---|---|---|
| 005 | 20140224160429.0 | ||
| 010 | _aB-514089 | ||
| 020 |
_a9788122007930 _c595.00 |
||
| 035 | _aB-514089 | ||
| 037 |
_bBSB/Ven. _adpl |
||
| 082 | _a363.2092 | ||
| 100 | _aVohra, B.L. | ||
| 245 |
_aTripura's Bravehearts : _c by B.L.Vohra _bA police success story of counterinsurgency / |
||
| 260 |
_b Konark publishers _c2011 _aNew Delhi |
||
| 270 |
_a206, First Floor, Peacock Lane, Shahpur jat _bNew Delhi _e110049 |
||
| 300 |
_axx,247p. _c22cm(Hb) |
||
| 500 | _aIncludes bibliographical references and Index | ||
| 942 |
_2ddc _cEN _mVOH _h363.2092 |
||
| 999 |
_c79203 _d79203 |
||